Culture Générale Française #4 - Statistiques

Statistiques générales
  • Ce quiz a été pris 2 067 fois
  • Le résultat moyen est 8 sur 20
Statistiques - réponses
Question Réponse % Correct
Quel trio comique est composé de Didier Bourdon, Pascal Légitimus et Bernard Campan ? Les Inconnus
84%
À quel héros de bande-dessinée la chanson "L'Aventurier" du groupe Indochine rend-elle hommage ? Bob Morane
63%
Quelle ancienne province française a été victime d'attaques mortelles d'une terrible bête ? Gévaudan
62%
Où peut-on croiser un Angoumoisin ? Angoulême
61%
Quelle spécialité culinaire est emblématique des villes de Tours et Le Mans ? Rillettes
59%
Quel parc auvergnat à pour thème le volcanisme ? Vulcania
59%
Où peut-on voir la place Stanislas et l'arc Héré ? Nancy
54%
Quelle était la profession de Louis de Funès dans La Grande Vadrouille ? Chef d'orchestre
46%
Qu'est-ce qui fut légalement interdit aux femmes jusqu'au 31 janvier 2013 ? Port du pantalon
44%
Quel est le nom du jeu de mot qui consiste à échanger des lettres ou des syllabes pour former une nouvelle phrase ? Contrepèterie
42%
Qui est la mère de Thomas Dutronc ? Françoise Hardy
38%
Quel territoire français a pour numéro 975 ? Saint-Pierre-et-Miquelon
38%
Quelle technique picturale a été notamment employée par le peintre Georges Seurat ? Pointillisme
34%
Complétez cette citation d'Arletty : "___ ! ___ ! Est-ce que j'ai une gueule d'___ ?" Atmosphère
33%
Qui a assassiné Jean-Paul Marat dans sa baignoire ? Charlotte Corday
32%
Dans quel quartier parisien se trouvent les célèbres cafés littéraires Les Deux Magots et le Café de Flore ? Saint-Germain-des-Prés
25%
Qui a écrit le recueil de poèmes Les Yeux d'Elsa et le roman Aurélien ? Louis Aragon
24%
Qu'étaient Ourasi, Gélinotte et Roquépine ? Chevaux de course
19%
Qui s'exclamait "Ça c'est vrai, ça !" dans une publicité ? Mère Denis
14%
Dans quel émission Serge Gainsbourg brûla-t-il un billet de 500F ? 7 sur 7
7%
Aucun quiz correspondant
Distribution des résultats
% des personnes avec chaque résultat
Percentile par nombre de réponses
Votre historique - résultats
Vous n’avez pas pris ce quiz